Top 10 Least Peaceful Countries - Statistics

General Stats
  • This quiz has been taken 34 times
  • The average score is 7 of 10
Answer Stats
Rank Answer % Correct
#1 Syria
90%
#2 Afghanistan
87%
#3 Iraq
80%
#8 Sudan
77%
#4 South Sudan
73%
#5 Yemen
73%
#6 Somalia
70%
#7 Libya
67%
#9 Central African Republic
47%
#10 Ukraine
33%
No matching quizzes found
Score Distribution
Percent of People with Each Score
Percentile by Number Answered
Your Score History
You have not taken this quiz